| 000 | 00000nam##2200000za#4500 |
| 001 | 9.614463 |
| 003 | CaOODSP |
| 005 | 20210615100904 |
| 007 | ta |
| 008 | 150406|2000||||xxc||||| f|0| 0 eng|d |
| 020 | |a0-660-17543-6 |
| 022 | |a1200-5223 |
| 040 | |aCaOODSP|beng |
| 043 | |an-cn--- |
| 086 | 1 |aCS11-0019/122E |
| 245 | 00|aDeterminants of innovations activity in Canadian manufacturing firms : |bthe role of intellectual property rights / |cby John Baldwin, Petr Hanel and David Sabourin. |
| 260 | |aOttawa - Ontario : |bStatistics Canada |c2000. |
| 300 | |avii, 34p. : |btables ; |c28 cm. |
| 490 | 1 |aResearch paper series|x1200-5223|vNo. 122 |
| 500 | |a"This paper examines how several factors contribute to innovative activity in the Canadian manufacturing sector. First, it investigates the extent to which intellectual property right protection stimulates innovation. Second, it examines the contribution that R&D makes to innovation. Third, it considers the importance of various competencies in the areas of marketing, human resources, technology and production to the innovation process. Fourth, it examines the extent to which a larger firm size and less competition serve to stimulate innovation--the so-called Schumpeterian hypothesis. Fifth the effect of the nationality of a firm on innovation is also investigated. Finally, the paper examines the effect of an industry's environment on a firm's ability to innovate."--Abstract. |
| 504 | |aBibliography. |
| 563 | |aSoftcover |
| 590 | |a00-11|b2000-03-17 |
| 710 | 2 |aStatistics Canada. |
| 720 | 1 |aBaldwin, John |
| 720 | 1 |aSabourin, David |
| 720 | 1 |aHanel, Petr |
| 775 | 08|tLes déterminants des activités d'innovation dans les entreprises de fabrication canadienne : |w(CaOODSP)9.624794 |
| 776 | 0#|tDeterminants of innovative activity in Canadian manufacturing firms : |w(CaOODSP)9.574631 |
| 830 | #0|aResearch paper series,|x1200-5223|vNo. 122|w(CaOODSP)9.514463 |